000 00331nam a22001097a 4500
100 _aAbdul Qadeer
_a13ME29
245 _aNatural Fiber Reinforcement Effect Over Tensile Strength on Developed Composites
260 _aNawabshah:
_bQUEST,
_c2016.
300 _a56p. ;
700 _aDepartment of Mechanical Engineering
942 _cTHESIS
999 _c57542
_d57539